MDQL
is popping MORE tags! Check the
thread
!
Quizzes
Events
Quiz Creation
Community
Videos
Private Events
Remove Ads
Sign In
Join for FREE
Feedback
Dark Mode
Quiz Categories
Sports
Geography
Music
Movies
Television
Just For Fun
Miscellaneous
History
Literature
Language
Science
Gaming
Entertainment
Religion
Holiday
For Kids
Quiz Lab
Recent
Popular Today
Quiz Kudos Today
Editor Picks
Curator Picks
Quizzes by...
Day
Popularity
Type
Ratings
Length
Year
Community
Subscriptions
Recent Discussions
Orange Saloon
Badges
Playlists
Quests
Create
Leaderboards
Showdown
Live 5
Trivia Bingo
Activity
Puzzle Library
Sporcle Events
Private Events
Virtual Trivia
Globe League
Become a Host
Pub Owners
SporcleCon
Opinionation
Our Games
Videos
Blog
Mobile Apps
Partnerships
Remove Ads and Go Orange
Feedback
Television
TV Characters
TV Show
Sitcom
Network
Friends
Reality Shows
Cast
South Park
Star Trek
The Simpsons
Doctor Who
Television
TV Characters
TV Show
Sitcom
Network
Friends
Reality Shows
Cast
South Park
Star Trek
The Simpsons
Doctor Who
Random Quiz
Search Sporcle
×
Quiz Lab
Quiz Lab
Television
Anime
Type in answers that appear in a list
Type in answers that appear in a list
Classic
Best Score? Go Orange.
Anime by Opening Song Stats
Can you name the anime shows by their opening song?
By
amaranth
20m
200 Questions
5,637 Plays
5,637 Plays
5,637 Plays
Comments
Comments
Give Quiz Kudos
Give Quiz Kudos
-
- Ratings
hide this ad
Forced Order
Answers have to be entered in order
Answers have to be entered in order
Random Order
Randomize order of answers
Randomize order of answers
Replay
Link that replays current quiz
Next Quiz
Link to next quiz in quiz playlist
You Got
0%
They Got
Avg Score
11%
Avg Friend Score
Upgrade to see
Score Distribution
Jump to the score distribution portion of the page
Score
0/200
Timer
20:00
0
Plays Today
Song
Anime
% Correct
COLORS
Code Geass: Lelouch of the Rebellion
57.6%
Cha-
La Head-
Cha-
La
Dragon Ball Z
51.1%
the WORLD
Death Note
50.7%
* ~ Asterisk
Bleach
47.8%
Motteke! Sailor Fuku
Lucky Star
44.3%
Tank!
Cowboy Bebop
43.3%
Sakura Kiss
Ouran High School Host Club
43%
Melissa
Fullmetal Alchemist
42.7%
resonance
Soul Eater
42.5%
We Are!
One Piece
42.2%
Lilium
Elfen Lied
41.7%
Zankoku na Tenshi no Thesis
Neon Genesis Evangelion
41.5%
Pre-
Parade
Toradora!
39.7%
Bouken Desho Desho?
The Melancholy of Haruhi Suzumiya
36.5%
Change the World
InuYasha
36.5%
Sorairo Days
Tengen Toppa Gurren Lagann
35.8%
Let Me Be With You
Chobits
35%
Moonlight Densetsu
Sailor Moon
32.1%
Catch You Catch Me
Card Captor Sakura
31.6%
Cagayake! GIRLS
K-On!
30.6%
HOWLING
Darker than BLACK
28.7%
Gun's & Roses
Baccano!
28.5%
Tori no Uta
Air
26.6%
INNOCENT SORROW
D.Gray-man
25.2%
Rocks
Naruto
24.1%
Driver's High
Great Teacher Onizuka
22.7%
Red Fraction
Black Lagoon
22.7%
Stray
Wolf's Rain
22.3%
Soramimi Cake
Azumanga Daioh
21.4%
Pegasus Fantasy
Saint Seiya
20.9%
Duvet
Serial Experiments Lain
20.8%
Days
Eureka Seven
20.8%
Battlecry
Samurai Champloo
19.9%
Pray
Gintama
19.2%
Just Communication
Mobile Suit Gundam Wing
19%
Invoke
Mobile Suit Gundam SEED
18.8%
DAYBREAK'S BELL
Mobile Suit Gundam 00
18.8%
Scramble
School Rumble
18.6%
PSI-
missing
To Aru Majutsu no Index
18%
Byakuya ~ True Light
D.N.Angel
17.4%
19sai
xxxHoLic
17.4%
Ai (Chuuseishin)
Excel Saga
17.1%
Futatsu no Kodou to Akai Tsumi
Vampire Knight
17.1%
First Kiss
Zero no Tsukaima
17%
disillusion
Fate/Stay Night
16.8%
Hishoku no Sora
Shakugan no Shana
16.7%
Falling Down
Eden of The East
16.3%
Over Soul
Shaman King
16.2%
Sobakasu
Rurouni Kenshin
15.9%
Raison D'etre
Claymore
15.7%
Kinjirareta Asobi
Rozen Maiden
15.7%
Kokoro no Tamago
Shugo Chara!
15.2%
Tsubasa wa Pleasure Line
Chrono Crusade
15.1%
Tabi no Tochu
Spice and Wolf
14.9%
Bomb A Head! V
Tenjou Tenge
14.7%
Puzzle
Welcome to the NHK!
14.6%
Sakura Saku
Love Hina
13.7%
Ignited
Mobile Suit Gundam SEED Destiny
13.7%
H.T.
Trigun
13.3%
Turn A Turn
Turn A Gundam
13.1%
Blaze
Tsubasa: RESERVoir CHRoNiCLE
13%
Tomorrow
Full Metal Panic!
13%
-
Rinbu-
Revolution
Revolutionary Girl Utena
12.5%
Innocent Starter
Magical Girl Lyrical Nanoha
12.3%
Lonely in Gorgeous
Paradise Kiss
12.3%
Logos Naki World
Hellsing
12.2%
YOU
Shuffle!
12.1%
Song
Anime
% Correct
Daia no Hana
Black Cat
11.9%
Lum no Love Song
Urusei Yatsura
11.8%
Kimi + Boku = Love?
Lovely Complex
11.8%
Obsession
.hack//SIGN
11.7%
Super Shooter
Gantz
11%
COSMIC LOVE
Rosario + Vampire
10.9%
Sakasama no Chou
Hell Girl
10.6%
Cloud Age Symphony
Last Exile
10.5%
Drawing Days
Katekyo Hitman Reborn!
10.3%
Get Along
Slayers
10.1%
Makafushigi Adventure!
Dragon Ball
10%
Ohayou
Hunter X Hunter
9.9%
Hohoemi no Bakudan
Yu Yu Hakusho
9.7%
Neko Mimi Mode
Tsukuyomi -Moon Phase-
9.7%
Coppelia no Hitsugi
Noir
9.6%
Hemisphere
RahXephon
9.2%
Tsuki no Curse
Loveless
8.9%
Shangri-
La
Fafner ~Dead Aggressor~
8.9%
blast of wind
Kaze no Stigma
8.7%
kiri
Ergo Proxy
8.7%
Crawl
Nabari no Ou
8.5%
We Were Lovers
Gankutsuou: The Count of Monte Cristo
8.5%
Shooting Star
Please Teacher!
8.2%
Yakusoku wa Iranai
The Vison of Escaflowne
8%
Through the Night
Outlaw Star
7.9%
I Love U
Full Moon wo Sagashite
7.8%
My Sweetheart
Tokyo Mew Mew
7.7%
eX Dream
X
7.7%
Yuzurenai Negai
Magic Knight Rayearth
7.6%
You Get to Burning
Martian Successor Nadesico
7.5%
The Light Before We Land
Gunslinger Girl
7.5%
Hito Toshite Jiku ga Bureteiru
Sayonara Zetsubou Sensei
7.4%
Super Drive
Gravitation
7.1%
Reckless Fire
S-CRY-ed
7.1%
Musouka
Utawarerumono
7%
My Heart Iidasenai, Your Heart Tashikametai
Ah! My Goddess
7%
White Destiny
Pretear
6.9%
Anime Ja Nai
Mobile Suit Gundam ZZ
6.8%
Get Over
Hikaru no Go
6.7%
Blue Water
Nadia, Secret of Blue Water
6.5%
Morning Grace
Princess Tutu
6.2%
My Pace Daioh
Genshiken
6.2%
Dress
Trinity Blood
6.2%
Forever
Elemental Gelade
6.1%
Shell
Witch Hunter Robin
6%
Stand Up to the Victory
Mobile Suit Victory Gundam
6%
Shining Days
Mai-HiME
6%
Grain
Monster
5.9%
Asu e no Brilliant Road
Stellvia
5.8%
Second Flight
Please Twins!
5.7%
Colorless Wind
Sola
5.6%
Free Bird
Haibane Renmei
5.5%
Z -
Toki wo Koete
Mobile Suit Zeta Gundam
5.4%
Shine
Moribito: Guardian of the Spirit
5.3%
Butterfly Kiss
Rave Master
5.2%
All the Way
Kino's Journey
5.2%
Kimi ga Suki da to Sakebitai
Slam Dunk
5.1%
Nanka Shiawase
Flame of Recca
5%
Voice
Yu-Gi-Oh! Duel Monsters
5%
Trust
Vandread
5%
Flying in the Sky
Mobile Fighter G Gundam
5%
Mune ga Dokidoki
Case Closed
5%
Little Wing
Scrapped Princess
5%
Dramatic
Honey and Clover
4.9%
Love Tropicana
Hare + Guu
4.8%
Successful Mission
Saber Marionette J
4.8%
The Sacred Moon
Tsukihime, Lunar Legend
4.7%
Song
Anime
% Correct
Scarlet
Ceres, Celestial Legend
4.6%
Velvet Underground
Weiß Kreuz
4.5%
Precious Memories
Kimi ga Nozomu Eien
4.5%
Under Star
Hajime no Ippo
4.4%
Hitomi no Kakera
Madlax
4.3%
Issei no Sei
Natsume Yuujin-Chou
4.3%
Keikenchi Joushouchuu
Minami-ke
4.2%
Itoushii Hito no Tame ni
Fushigi Yuugi: The Mysterious Play
4.2%
Jaja Uma ni Sasenai de
Ranma 1/2
4.1%
TAKE IT SHAKE IT
Kaleido Star
4.1%
Treat or Goblins
Magical Shopping Arcade Abenobashi
4.1%
Towa no Hana
Ai Yori Aoshi
4%
Dream Star
Skip-Beat!
4%
Sentimental
Midori Days
3.9%
Start Line
Suzuka
3.9%
Love Destiny
Sister Princess
3.9%
Pikapika no Taiyou
Gakuen Alice
3.9%
Dive in the Sky
Planetes
3.8%
19ji no News
Kodomo no Omocha
3.6%
Tenshi no Yubikiri
His and Her Circumstances
3.5%
Houkigumo
Yakitate!! Japan
3.5%
Baby Low Tension
Peach Girl
3.1%
You Gonna Feel
Peacemaker Kurogane
3.1%
Adesso e Fortuna
Record of Lodoss War
3%
Infinity
Lost Universe
3%
Dream Wing
Mai-Otome
2.9%
Dreams
After War Gundam X
2.9%
What's Up Guys?
Sorcerer Hunters
2.9%
Jun
Cromartie High School
2.8%
Only One, No. 1
Di Gi Charat
2.7%
Skies of Love
Legend of the Galactic Heroes
2.6%
Proof of Myself
Saber Marionette J to X
2.6%
Juuni Genmu Kyoku
The Twelve Kingdoms
2.5%
Carnival Babel
Blue Seed
2.4%
Just Think Of Tomorrow
Irresponsible Captain Tylor
2.4%
A-
I-
TSU
Super GALS! Kotobuki Ran
2.4%
Kaerimichi
Mahoromatic: Automatic Maiden
2.3%
Night of Summer Side
Kimagure Orange Road
2.3%
Yuudachi
Boogiepop Phantom
2.2%
Mirai no Kioku
Kiddy Grade
2.2%
Watashi ni Happy Birthday
All Purpose Cultural Cat Girl Nuku Nuku
2.2%
Ai Just On My Love
Sorcerous Stabber Orphen
2.1%
dis-
Infinite Ryvius
2.1%
Angel Blue
Those Who Hunt Elves
2%
100mph no Yuuki
You're Under Arrest
1.9%
Pastel Pure
Maria-sama ga Miteru
1.9%
radiance
Starship Operators
1.8%
Kanashimi yo Konnichi wa
Maison Ikkoku
1.8%
Kaze no Hana
Someday's Dreamers
1.7%
Egao ni Aitai
Marmalade Boy
1.7%
Kagami no Naka
Ultra Maniac
1.6%
Moete Hero
Captain Tsubasa
1.4%
Will
The Melody of Oblivion
1.4%
Kindan no Panse
Silent Möbius
1.3%
FLY AWAY
Jinki:Extend
1.3%
Message #9
Gasaraki
1.3%
Hare nochi HARE
Kamichu!
1.2%
Koi Seyo Onna no Ko
Gokujo Seitokai
1.2%
Futsuu no Nichiyoubi ni
Hana Yori Dango
1.2%
Miracle Girl
Yawara! A Fashionable Judo Girl
1%
Jounetsu
Tokyo Underground
1%
Ureshii Namida
Video Girl Ai
1%
Magical Labyrinth
Violinist of Hamelin
0.8%
Koisuru Kimochi
Saishuu Heiki Kanojo
0.8%
All My Soul
Angel Links
0.6%
Bokura no Message
Mujin Wakusei SURVIVE
0.6%
Quiz Playlist
Details
Report
Send in Message
Add To Playlist
Classic:
Type in answers that appear in a list
Forced Order:
Answers have to be entered in order
Random Order:
Randomize order of answers
Quiz Source
Last Updated: Feb 16, 2017
Quiz Scoreboard
CHALLENGE
Sign Up to Join the Scoreboard
Show All
Scores
Hide
Comments
May contain spoilers
Recently Published
Find the 'City' Movie
by crazypaving
Movies
60s
5x2 Blitz: Bands
by SL_Kpop136
Music
30s
Colored Red Africa Blitz
by spor1
Geography
30s
More to Explore
Quiz From the Vault
Featured Blog Post
14 Easter Pick-up Lines to Find Eggs With
hide this ad
You Might Also Like...
Tags
Animation Quiz
Anime Quiz
Japanese Quiz
Show Quiz
Song Quiz
intro
Japan
Performed
theme
Theme Songs
Today's Top Quizzes in Television
Browse Television
hide this ad
Today's Top Quizzes in Anime
Browse Anime
Top Contributed Quizzes in Television
1
Survivor Journey Challenge
2
Brooklyn Nine Nine Logic Puzzle (How-To-Play)
3
Phoebe Buffay Quotes
4
One Tree Hill Logic Puzzle
5
Survivor Logic Puzzle: Heroes vs. Villains
6
Survivor Trivia
7
Game of Thrones: Tywin Lannister Start to Finish
8
All US Survivor Seasons in Order
9
Emmerdale Characters (from August 2012)
10
Survivor Trivia #6: Criteria Quiz!
Explore More
Trending Topics
Disney
Crossword
NBA
Marvel
Kpop
Harry Potter
Anime
Song
Puzzle
WWE
NFL
Country
Pokémon
The Office
Soccer
hide this ad
More By:
amaranth
Quiz
Plays
Rating
Category
Featured
Created
Movie Themes
129,206
4.27
Movies
Mar 1, 2010
TV Shows by Main Characters
116,639
4.20
Television
Jan 14, 2011
TV Shows by Main Characters II
114,995
4.37
Television
Jan 14, 2011
Cartoon Opening Themes
113,122
4.11
Television
Mar 20, 2013
Video Game Themes
99,166
3.67
Gaming
Mar 6, 2013
Go to Creator's Profile
Score Distribution
Quiz Creator Spotlight
amaranth
Follow
Send a Message
Quizzes Created
-
Created Quiz Play Count
-
More By This Creator
Popular Quizzes Today
1
Find the 'City' Movie
2
Colored Red Africa Blitz
3
5x2 Blitz: Bands
4
Find the US States - No Outlines Minefield
5
The Countries of the World
6
Find the US States
7
US States
8
9x9 Crossword: Cartoon Network
More Television Quizzes
Stevens on TV
Published
Trending Quizzes
Colored Red Europe Blitz I
Colored Red Africa Blitz II
Colored Red Europe Blitz II
Colored Red Europe Blitz III
Colored Red Africa Blitz III
Recently Updated
Famous TV Couples
Peacemaker
Champions League XIs: Real Madrid
pecheneg
Largest US Cities 1790-2010
pecheneg
Rides in Walt Disney World
pecheneg
Most Oscar Losses (Acting)
pecheneg
Beyoncé Albums
pecheneg
Leaping Animals
pecheneg
Reality TV Shows (A-Z)
bhenderson79
Rickey Henderson's Hall of Fame Teammates
pecheneg
Champions League XIs: Arsenal
pecheneg
Trending Topics
Disney
Anime
Marvel
Kpop
NBA
Harry Potter
Crossword
Pokémon
NFL
The Office
Song
Puzzle
Soccer
WWE
Country
Your Account Isn't Verified!
In order to create a playlist on Sporcle, you need to verify the email address you used during registration. Go to your
Sporcle Settings
to finish the process.
Report this User
Report this user for behavior that violates our
Community Guidelines
.
Details:
Send Report
Go to the Sporcle.com Mobile Site →
Comments